000 00419cam3a220016900 4500
001 tmp15753990
003 UPRA
005 20190819092044.0
008 951020s1991 xx eng u
035 _a(Sirsi) r41919
035 _a(UPRA)tmp15753990
040 _cUPRA
245 0 0 _aBiometry for development.
260 _c1991.
949 _aQH323.5
_wlcc
_i33729000209457
_mMAIN
_p2500
_tBOOK
_lON-SHELF
004 41919
999 _c96402
_d96402